| 000 | 01099nam a22003257a 4500 | ||
|---|---|---|---|
| 003 | CHAP | ||
| 005 | 20220329135042.0 | ||
| 008 | 971013s1985 r 00010 d | ||
| 010 | _a30172 | ||
| 011 | _a31144 | ||
| 035 | _a35256 | ||
| 040 | _cCHAP | ||
| 082 |
_a338.17 _bN3 1985 |
||
| 100 | 0 | 0 |
_aNash, Michel John. _980268 |
| 245 |
_aCrop conservation and storage _b: in cool temperate climates |
||
| 250 | _a2 ed. | ||
| 260 |
_aOxford : _bPergamon, _c1985 |
||
| 300 |
_a286 p. _b; gráfs. |
||
| 590 |
_aBATCH-UPD _b10 _c20130110 _lUCH01 _h1123 |
||
| 590 |
_aBATCH-UPD _b10 _c20130410 _lUCH01 _h0713 |
||
| 590 |
_aBATCH-UPD _b10 _c20130914 _lUCH01 _h1836 |
||
| 590 |
_aCONVERSION _b10 _c20130109 _lUCH01 _h1317 |
||
| 650 | 1 | 4 |
_aProductos agrícolas _xAlmacenamiento. _991897 |
| 650 | 1 | 4 |
_aProductos agrícolas _xConservación. _991923 |
| 650 | 1 | 4 |
_aSilos. _9105965 |
| 901 | _aBK | ||
| 942 | _cLIBRO | ||
| 949 |
_a338.17 N3 1985 _bBC _cLIBRO _d33724000156147 _eLIBRO _fc.2 _gI. 127607 _h66831 _i35256 _si _t7.57 |
||
| 949 |
_a338.17 N3 1985 _bBC _cLIBRO _d33724000156154 _eLIBRO _gI. 128638 _h66793 _i35256 _si _t13.93 |
||
| 999 |
_c30172 _d30172 |
||